000 00287nam a2200121Ia 4500
008 241002s9999 xx 000 0 und d
082 _a808.84 COT
100 _aCotton, Charles
245 0 _aMantaigne Selected Essays
260 _aNew York:
_c1949
600 _aLiterature
942 _cUC
999 _c18705
_d18705